Biblioteca

El redescubrimiento de la predicación expositiva : (Registro nro. 40204)

Detalles MARC
000 -LÍDER
Campo fijo de descripción fija 01049aam a2200313 i 4500
001 - NÚMERO DE CONTROL
Campo de control 76714001
003 - IDENTIFICADOR DEL NÚMERO DE CONTROL
Campo de control CO-MdFUSB
005 - FECHA Y HORA DE LA ULTIMA TRANSACCIÓN
control field 20251001105519.0
007 - CAMPO FIJO DE DESCRIPCIÓN FIJA--INFORMACIÓN GENERAL
Campo fijo de descripción fija ta
008 - ELEMENTOS DE LONGITUD FIJA -- INFORMACIÓN GENERAL
Campo fijo de descripción fija -- Información general 250925t1994 xxu||||| |||| 00| 0 spa d
020 ## - NÚMERO INTERNACIONAL NORMALIZADO PARA LIBROS
Número Internacional Normalizado del libro 0-89922-528
Información adicional -4
040 ## - FUENTE DE CATALOGACIÓN
Agencia de catalogación original CO-MdFUSB
Idioma de catalogación spa
Agencia que realiza la transcripción CO-MdFUSB
Agencia que realiza la modificación CO-MdFUSB
Convenciones de la descripción rda
041 0# - CÓDIGO DE IDIOMA
Código de idioma para texto/pista de sonido o título separado spa
082 04 - NÚMERO DE CLASIFICACIÓN DECIMAL DEWEY
Número de la edición del Dewey 23
Número de clasificación 251
Clave de autor-Numero de item M1161r
100 1# - ASIENTO PRINCIPAL--NOMBRE PERSONAL
Nombre personal MacArthur Jr., John F.
Término relacionador autor
240 ## - TITULO UNIFORME
Título uniforme <a href="Rediscovering expository preaching">Rediscovering expository preaching</a>
245 10 - TÍTULO
Título del Material El redescubrimiento de la predicación expositiva :
Parte restante del título - Subtitulo cómo balancear la ciencia y el arte de la exposición bíblica
Mención de responsabilidad, etc. / John MacArthur ; traducido por Javier A. Quiñonez Ortíz
264 #1 - PRODUCCIÓN, PUBLICACIÓN, DISTRIBUCIÓN, MANUFACTURA, Y COPYRIGHT
Nombre del productor, publicador, distribuidor Caribe,
Lugar de producción, publicación, distribución, manufactura Nashville, TN., USA :
Fecha de producción, publicación, distribución, manufactura, o copyright [1996]
264 #4 - PRODUCCIÓN, PUBLICACIÓN, DISTRIBUCIÓN, MANUFACTURA, Y COPYRIGHT
Fecha de producción, publicación, distribución, manufactura, o copyright ©1996
300 ## - DESCRIPCIÓN FÍSICA
Extensión 386 páginas
336 ## - TIPO DE CONTENIDO
Término de tipo de contenido texto
Código de tipo de contenido txt
Fuente rdacontent
337 ## - TIPO DE MEDIO
Fuente rdamedia
Nombre del tipo de medio sin mediación
Código del tipo de medio n
338 ## - TIPO DE SOPORTE
Fuente rdacarrier
Nombre del tipo de soporte volumen
Código Tipo de soporte nc
563 ## - NOTA DE ENCUADERNACIÓN
Nota de encuadernación Rústico
650 #7 - ASIENTO SECUNDARIO DE MATERIA - TERMINO TEMÁTICO
Término temático o nombre geográfico como elemento de entrada Sermones
9 (RLIN) 283
700 ## - ASIENTO SECUNDARIO - NOMBRE PERSONAL
Nombre personal Quiñonez-Ortiz, Javier Antonio,
9 (RLIN) 11961
Responsabilidad traductor
942 ## - TIPO DE MATERIAL (KOHA)
Tipo de Item KOHA Libros General
945 ## - INFORMACIÓN LOCAL DEL REGISTRO
Catalogador Elías Tolentino
Existencias
Estado de Material Estado de Perdido Estado de Dañado No para Préstamo Colección Tomo Biblioteca de Origen Biblioteca Permanente Fecha de Adquisición Total de Préstamos Total de Renovaciones Signatura Topográfica Código de Barras Última vez visto Última vez Préstado Ejemplar/Existencia Fecha de Remplazo Tipo de Material
        Colección General   Biblioteca FUSBC Biblioteca FUSBC 25/01/2005 2 2 G 251 M1161r 7790 27/10/2021 23/10/2021 1 26/01/2016 Libros General
        Colección General   Biblioteca FUSBC Biblioteca FUSBC 25/01/2005 1 1 G 251 M1161r 7805 11/03/2023 14/02/2023 2 26/01/2016 Libros General

Biblioteca FUSBC | Teléfono: (57+4) 349 88 10 Ext. 141| WhatsApp (+57) 3005338115 
E-mail: biblioteca@unisbc.edu.co | Calle 76 87-14 Robledo Palenque, Medellín, Colombia

Con tecnología Koha